Az emberi tőke "készletezési és számbavételi" problémáinak összefüggései = Relationship between the "inventory and valuation" problems of human capital
Human capital is the most valuable and expensive resources by a company. It is our organisation’s key strategic asset. Human capital is mainly based on specific knowledge and motivation of employee. Related to last year’s study this article continues to deal with the valuation and distribution oppor...
Elmentve itt :
| Szerző: | |
|---|---|
| Dokumentumtípus: | Cikk |
| Megjelent: |
Egyesület Közép-Európa Kutatására
Szeged
2015
|
| Sorozat: | Taylor : gazdálkodás- és szervezéstudományi folyóirat
7 No. 1-2 |
| Kulcsszavak: | Humán erőforrás gazdálkodás |
| Tárgyszavak: | |
| Online Access: | http://acta.bibl.u-szeged.hu/36194 |
| LEADER | 01651nab a2200229 i 4500 | ||
|---|---|---|---|
| 001 | acta36194 | ||
| 005 | 20260109092759.0 | ||
| 008 | 161017s2015 hu o 000 hun d | ||
| 022 | |a 2062-1396 | ||
| 040 | |a SZTE Egyetemi Kiadványok Repozitórium |b hun | ||
| 041 | |a hun | ||
| 041 | |a eng | ||
| 100 | 1 | |a Benke Mariann | |
| 245 | 1 | 3 | |a Az emberi tőke "készletezési és számbavételi" problémáinak összefüggései = Relationship between the "inventory and valuation" problems of human capital |h [elektronikus dokumentum] / |c Benke Mariann |
| 260 | |a Egyesület Közép-Európa Kutatására |b Szeged |c 2015 | ||
| 300 | |a 235-242 | ||
| 490 | 0 | |a Taylor : gazdálkodás- és szervezéstudományi folyóirat |v 7 No. 1-2 | |
| 520 | 3 | |a Human capital is the most valuable and expensive resources by a company. It is our organisation’s key strategic asset. Human capital is mainly based on specific knowledge and motivation of employee. Related to last year’s study this article continues to deal with the valuation and distribution opportunities of the human capital. The first part of the study provides a summary about the interconnected nature of the valuation and distribution of the human resources. The second chapter presents the theory of the human capital based on Gary S. Becker’s microeconomic perspective (1962). The last chapter focuses on the relationship between the value of the human capital and motivation. | |
| 650 | 4 | |a Társadalomtudományok | |
| 650 | 4 | |a Közgazdasági és gazdálkodástudományok | |
| 695 | |a Humán erőforrás gazdálkodás | ||
| 856 | 4 | 0 | |u http://acta.bibl.u-szeged.hu/36194/1/vikek_018_019_235-242.pdf |z Dokumentum-elérés |